000 00578cam a2200217 i 4500
001 3209084
005 20180220091223.0
008 780406s1978 nyua b 001 0 eng
010 _a 78007496
020 _a0195200667 :
_c$15.95
040 _aDLC
_cDLC
_dDLC
041 _aeng
080 _a330.1 COL
082 0 0 _a330.1 COL
100 1 _a52
101 _aEKO
245 1 0 _aAltruism and economy :
_cDavid Collard.
504 _aBibliography: p. 205-216.
906 _a7
_bcbc
_corignew
_d1
_eocip
_f19
_gy-gencatlg
942 _2ddc
_cBK
999 _c42945
_d42945